| 000 | 00772nam a2200205 i 4500 | ||
|---|---|---|---|
| 001 | 20411 | ||
| 003 | ES-MaACL | ||
| 005 | 20230906152311.0 | ||
| 007 | t| | ||
| 008 | 021112s1955 sp ||||1| spa d | ||
| 080 | _a946.222 Serena | ||
| 080 | _a914.622.2 Serena "17" | ||
| 100 | 1 |
_aAgúndez Fernández, Antonio. _918905 |
|
| 245 | 1 | 0 |
_aViaje a la Serena en 1791 _b: historia de una comarca extremeña escrita tras los pasos del magistrado Cubeles / _cAntonio Agúndez Fernández. |
| 260 |
_aCáceres : _b[s.n.], _c1955 ( _fTip. Vda. de García Floriano) |
||
| 300 |
_a198 p., 1 lám. ; _c21 cm. |
||
| 651 | 4 |
_aLa Serena (Badajoz, Comarca)- _xHistoria. _9146010 |
|
| 651 | 4 |
_aLa Serena (Badajoz, Comarca)- _xDescripción. _9146011 |
|
| 852 |
_aES-MaACL _jC-11351 _bR.38338 |
||
| 999 |
_c20411 _d20411 |
||